Bali's silent crisis: desire, tragedy and transition (Record no. 7285)
[ view plain ]
| 000 -LEADER | |
|---|---|
| fixed length control field | 00533nam a2200181Ia 4500 |
| 020 ## - INTERNATIONAL STANDARD BOOK NUMBER | |
| ISBN | 9780739128206 |
| 082 ## - DEWEY DECIMAL CLASSIFICATION NUMBER | |
| Classification number | 306.0959862 LEW-B |
| 100 ## - MAIN ENTRY--AUTHOR NAME | |
| Personal name | Lewis, Jeff |
| 245 #0 - TITLE STATEMENT | |
| Title | Bali's silent crisis: desire, tragedy and transition |
| 260 ## - PUBLICATION, DISTRIBUTION, ETC. (IMPRINT) | |
| Place of publication | Lanham |
| Name of publisher | Lexington Books |
| Year of publication | 2009 |
| 300 ## - PHYSICAL DESCRIPTION | |
| Number of Pages | x, 241 |
| 504 ## - BIBLIOGRAPHY, ETC. NOTE | |
| Bibliography, etc | includes index |
| 650 ## - SUBJECT ADDED ENTRY--TOPICAL TERM | |
| Topical Term | Bali Island (Indonesia) |
| Form subdivision | Social conditions |
| 650 ## - SUBJECT ADDED ENTRY--TOPICAL TERM | |
| Topical Term | Bali Island (Indonesia) |
| Form subdivision | History |
| 650 ## - SUBJECT ADDED ENTRY--TOPICAL TERM | |
| Topical Term | Bali Island (Indonesia) |
| Form subdivision | Economic conditions |
| 700 ## - ADDED ENTRY--PERSONAL NAME | |
| Personal name | Lewis, Belinda |
| 942 ## - ADDED ENTRY ELEMENTS (KOHA) | |
| Koha item type | Books |
| Withdrawn status | Lost status | Damaged status | Not for loan | Home library | Current library | Date acquired | Source of acquisition | Bill Date | Full call number | Accession Number | Price effective from | Koha item type |
|---|---|---|---|---|---|---|---|---|---|---|---|---|
| NASSDOC Library | NASSDOC Library | 16/07/2010 | BATRA | 2010-06-28 | 306.0959862 LEW-B | 46405 | 18/04/2019 | Books |
